000 00674nam a2200265Ia 4500
003 0100
008 130303s9999 xx 000 0 und d
020 _a256015317
040 _cARRUPELIB
050 _aJA71.I751975
100 _aIsaak, Alan C
245 _aScope and methods of political science
245 _ban introduction to the methodology of political inquiry
250 _aRev.
260 _aHomewood
260 _bDorsey Press
260 _C1975
300 _axv
300 _b 253p. 24cm.
440 _aThe Dorsey series in political science
650 _bEmotions
650 _cAffect (psychology)
700 _aAlan C. Isaak
942 0 0 _02
999 _c14963
_d14963